| 000 | 00642nam a22001697a 4500 | ||
|---|---|---|---|
| 005 | 20240326123827.0 | ||
| 008 | 240326b |||||||| |||| 00| 0 eng d | ||
| 020 | _a9780195476798 | ||
| 082 | _a338.91 | ||
| 245 |
_aTaraqi pazeer mumalik mein ghair sarkari tanzimon ka intazaam or insuraam (vol-3) : _bbehtar sehat e aama / _cLUMS-McGill social enterprise development center ; [Editor] Syed Mubashir Ali , Mohammad Amjad Saqib |
||
| 260 |
_aPakistan : _bOxford University Press , _cc2012 . |
||
| 300 |
_avii, 254 p. : _bill ; _c24 cm. |
||
| 490 | _vvol-3. | ||
| 500 | _aGifted by LUMS University. | ||
| 650 | _aSocial Sciences | ||
| 999 |
_c35472 _d35472 |
||